Die Kunst der Konzentration (Record no. 6788)

MARC details
000 -CABECERA
campo de control de longitud fija 00756nam a2200241 a 4500
001 - NÚMERO DE CONTROL
campo de control BRCA_7107
005 - FECHA Y HORA DE LA ÚLTIMA TRANSACCIÓN
campo de control 20190321142924.0
008 - DATOS DE LONGITUD FIJA--INFORMACIÓN GENERAL
campo de control de longitud fija 281211s1912----gw-#######---#000-0#ger-#
041 ## - CÓDIGO DE LENGUA
Código de lengua del texto/banda sonora o título independiente ger
044 ## - CÓDIGO DEL PAÍS DE LA ENTIDAD EDITORA/PRODUCTORA
Código MARC del país gw
050 #4 - SIGNATURA TOPOGRÁFICA DE LA BIBLIOTECA DEL CONGRESO
Número de documento/Ítem .G47 1912
100 1# - ENTRADA PRINCIPAL--NOMBRE DE PERSONA
Nombre de persona Gerling, Reinhold
9 (RLIN) 15877
245 10 - MENCIÓN DE TÍTULO
Título Die Kunst der Konzentration
Resto del título ein kursus in 12 unterrichtsbriefen für Geistesarbeiter, Studierende, Beamte, Kausleute, für Zerstreute, nervöse, Gedächtnisschwache
250 ## - MENCIÓN DE EDICIÓN
Mención de edición 12
260 ## - PUBLICACIÓN, DISTRIBUCIÓN, ETC.
Lugar de publicación, distribución, etc. Berlín
Nombre del editor, distribuidor, etc. Anthropos-Prien (Obb.)
Fecha de publicación, distribución, etc. [1912]
300 ## - DESCRIPCIÓN FÍSICA
Extensión 264 p.
Dimensiones 20 cm.
500 ## - NOTA GENERAL
Nota general Compuesto de doce cuadernillos
500 ## - NOTA GENERAL
Nota general Estado fisíco: caja maltratada
500 ## - NOTA GENERAL
Nota general O122
650 14 - PUNTO DE ACCESO ADICIONAL DE MATERIA--TÉRMINO DE MATERIA
Término de materia o nombre geográfico como elemento de entrada Psicología
Subdivisión de forma Atención
9 (RLIN) 17670
902 ## - CATALOGADOR
Iniciales GFM
942 ## - ELEMENTOS DE PUNTO DE ACCESO ADICIONAL (KOHA)
Fuente del sistema de clasificación o colocación Library of Congress Classification
Tipo de ítem Koha Libros
Holdings
Estado de retiro Estado de pérdida Estado dañado No para préstamo Localización permanente Ubicación/localización actual Fecha de adquisición Número de inventario Total de préstamos Signatura topográfica completa Código de barras Fecha visto por última vez Precio válido a partir de Tipo de ítem Koha
El ejemplar forma parte de la colección y puede ser consultado según las políticas vigentes.       Biblioteca del Museo Franz Mayer (Rogerio Casas-Alatriste) Biblioteca del Museo Franz Mayer (Rogerio Casas-Alatriste) 28/12/2011 O122   .G47 1912 (O122) 7554 22/03/2019 22/03/2019 Libros